000 00403nam a2200145Ia 4500
008 230917s9999||||xx |||||||||||||| ||und||
040 _e148209
_aMAIN
041 _aEnglish
082 _a823.09 M896T
100 _aMukherjee, Meenakshi
245 0 _aTwice born fiction: Themes and techniques of the Indian novel in English
260 _aNew Delhi
_bHeinemann
_c1971
300 _a239 p.
942 _cBK
999 _c104953
_d104953